Elektrické vlastnosti špeciálnych skiel TeO\(_{2}\)-Ga\(_{2}\)O\(_{3}\)-Li\(_{2}\)O/K\(_{2}\)O/Na\(_{2}\)O

Saved in:
Bibliographic Details
Main Author: Škorvaga, Peter (Author)
Other Authors: Kubliha, Marian (Thesis advisor)
Format: Manuscript Book
Language:Slovak
Published: 2023
Subjects:
Online Access:http://is.stuba.sk/zp/portal_zp.pl?podrobnosti=172015
Tags: Add Tag
No Tags, Be the first to tag this record!

MARC

LEADER 00000ntm a22000003a 4500
001 stuzp93168
003 SK-STU
005 20230909214215.1
007 ta
008 150427s2015----xo-----f-mn---000-0-slo-d
040 |a STU  |b slo 
041 0 |a slo 
100 1 |a Škorvaga, Peter  |u 061000  |4 aut  |U MTF Materiálovotechnologická fakulta  |T MTF Ústav materiálov  |X 26622  |U M1000  |Y 81  |7 26622 
242 0 1 |a Electrical properties of TeO\(_{2}\)-Ga\(_{2}\)O\(_{3}\)-Li\(_{2}\)O/K\(_{2}\)O/Na\(_{2}\)O glasses  |y eng 
245 1 0 |a Elektrické vlastnosti špeciálnych skiel TeO\(_{2}\)-Ga\(_{2}\)O\(_{3}\)-Li\(_{2}\)O/K\(_{2}\)O/Na\(_{2}\)O 
260 |c 2023 
650 4 |a teplota  |2 slo 
650 4 |a konduktivita  |2 slo 
650 4 |a sklá  |2 slo 
650 4 |a Glasses  |2 eng 
650 4 |a Temperature  |2 eng 
650 4 |a conductivity  |2 eng 
700 1 |a Kubliha, Marian  |u 061000  |k Z1  |4 ths  |U MTF Materiálovotechnologická fakulta  |T MTF Ústav materiálov  |X 4308  |U M1000  |Y 81  |7 4308 
856 4 |u http://is.stuba.sk/zp/portal_zp.pl?podrobnosti=172015 
996 |c M* DP-15254  |l MMSKP  |s P  |a 0  |w stuzp93168_0001